| 000 | 00676nam a22001937a 4500 | ||
|---|---|---|---|
| 003 | OSt | ||
| 005 | 20251029040633.0 | ||
| 008 | 251029b |||||||| |||| 00| 0 eng d | ||
| 020 | _a978-971-9655-22-0 | ||
| 040 |
_aDWCL - Main Lib _cOC |
||
| 082 | _aProf. 510 S619m 2023 | ||
| 100 | _aSirug, Winston S. | ||
| 245 |
_aMathematics in the Modern World : _bA CHED General Education Curriculum Compliant / _cWinston S. Sirug |
||
| 250 | _aRevised edition | ||
| 260 |
_aManila, Philippines ; _bMindshapers Co., Inc., _cc2023. |
||
| 300 |
_ax , 417 pages ; _billustrations ; _c25 cm. |
||
| 650 | _a1. Mathematics - CHED General Curriculum Compliant | ||
| 942 |
_2ddc _cPROF. _mProf. _n0 |
||
| 999 |
_c5282 _d5282 |
||